书目信息 |
| 题名: |
贵州省环境知识读本
|
|
| 作者: | 梁隽 , 张葵兴 编著 | |
| 分册: | 气篇 | |
| 出版信息: | 贵阳 贵州科技出版社 2019.02 |
|
| 页数: | 226页 | |
| 开本: | 21cm | |
| 丛书名: | “生态环境知识读本”丛书 | |
| 单 册: | ||
| 中图分类: | X-49 , X16-49 | |
| 科图分类: | ||
| 主题词: | 环境保护--huan jing bao hu--普及读物 , 大气环境--da qi huan jing--普及读物 | |
| 电子资源: | ||
| ISBN: | 978-7-5532-0719-3 | |
| 000 | 01216nam 2200313 450 | |
| 001 | 202019137632 | |
| 005 | 20191026133321.0 | |
| 010 | @a978-7-5532-0719-3@dCNY29.00 | |
| 100 | @a20191023d2019 em y0chiy50 ea | |
| 101 | 0 | @achi |
| 102 | @aCN@b520000 | |
| 105 | @ak z 000yy | |
| 106 | @ar | |
| 200 | 1 | @a贵州省环境知识读本@Agui zhou sheng huan jing zhi shi du ben@i气篇@f梁隽, 张葵兴编著 |
| 210 | @a贵阳@c贵州科技出版社@d2019.02 | |
| 215 | @a226页@d21cm | |
| 225 | 2 | @a“生态环境知识读本”丛书@A“ sheng tai huan jing zhi shi du ben ” cong shu |
| 300 | @a2018年贵州省出版传媒事业发展专项资金资助 | |
| 330 | @a“生态环境知识读本”丛书获2018年贵州省出版传媒事业发展专项资金资助, 《贵州省环境知识读本 —— 气篇》是其中的一本图书, 主要介绍了大气形成的过程及大气污染的历史和现状, 引导人们自觉形成爱护大气、保护生态的公民意识。 | |
| 410 | 0 | @12001 @a“生态环境知识读本”丛书 |
| 517 | 1 | @a气篇@Aqi pian |
| 606 | 0 | @a环境保护@Ahuan jing bao hu@j普及读物 |
| 606 | 0 | @a大气环境@Ada qi huan jing@j普及读物 |
| 690 | @aX-49@v5 | |
| 690 | @aX16-49@v5 | |
| 701 | 0 | @a梁隽@Aliang jun@4编著 |
| 701 | 0 | @a张葵兴@Azhang kui xing@4编著 |
| 801 | 0 | @aCN@c20190905 |
| 905 | @a河南城建学院图书馆@dX-49@eL403 | |
| 贵州省环境知识读本.气篇/梁隽, 张葵兴编著.-贵阳:贵州科技出版社,2019.02 |
| 226页;21cm.-(“生态环境知识读本”丛书) |
| 2018年贵州省出版传媒事业发展专项资金资助 |
| ISBN 978-7-5532-0719-3:CNY29.00 |
| “生态环境知识读本”丛书获2018年贵州省出版传媒事业发展专项资金资助, 《贵州省环境知识读本 —— 气篇》是其中的一本图书, 主要介绍了大气形成的过程及大气污染的历史和现状, 引导人们自觉形成爱护大气、保护生态的公民意识。 |
| ● |
| 相关链接 |
|
|
|
正题名:贵州省环境知识读本
索取号:X-49/L403
 
预约/预借
| 序号 | 登录号 | 条形码 | 馆藏地/架位号 | 状态 | 备注 |
| 1 | 1446446 | 214464462 | 自科库501/501自科库 61排4列1层/ [索取号:X-49/L403] | 在馆 | |
| 2 | 1446447 | 214464471 | 自科库501/501自科库 61排4列1层/ [索取号:X-49/L403] | 在馆 |